| 000 | 00488nam a22001697a 4500 | ||
|---|---|---|---|
| 003 | OSt | ||
| 005 | 20260330131642.0 | ||
| 008 | 250615b |||||||| |||| 00| 0 eng d | ||
| 020 | _a9966442596 | ||
| 040 | _cOutspan Global University | ||
| 050 |
_aHT401 _b.M35 1994 |
||
| 100 |
_d _aPhillip, Mbiithi _eAuthor |
||
| 245 |
_aRural Sociology and Rural Development _cby Mbiithi Phillip, |
||
| 260 |
_aKenya: _bKenya Literature Bureau, _cc1994. |
||
| 650 |
_aRural _xSociology |
||
| 942 |
_2lcc _cBK _n0 |
||
| 999 |
_c953 _d953 |
||